000 00657nam a22002177a 4500
003 OSt
005 20251013015023.0
008 251013b |||||||| |||| 00| 0 eng d
020 _a 0-7360-6801-5
040 _aDWCL-Admin lib
_cOC
082 _aCirc. 796.51 H639 2008
100 _aMartin, Bruce
245 _aHiking and backpacking: outdoor adventures/
_cBruce Martin
260 _aChampaign,Ill. :
_bHuman Kinetics,
_cc2008.
300 _aviii, 263 p. :
_bcol. ill. ;
_c26 cm.
504 _aIncludes bibliographical references.
650 _a1. Backpacking.
650 _a2. Hiking.
700 _aGoldenberg, Marni
942 _2ddc
_cBK-CIRC
_kCirc.
_n0
999 _c4845
_d4845